Nghiên cứu nhân giống in vitro cây mật nhân (Eurycoma longifolia Jack)

Nghiên cứu tạo nguyên liệu cây mật nhân in vitro từ hạt. Nghiên cứu ảnh hưởng của chất ĐHST đến khả năng nhân nhanh chồi in vitro từ các nguyên liệu khác nhau. Nghiên cứu ảnh hưởng của chất ĐHST đến khả năng tạo rễ in vitro - hình thành cây hoàn chỉnh....

Полное описание

Сохранить в:
Библиографические подробности
Главный автор: Đặng Thị Thoa
Другие авторы: Võ Châu Tuấn (Hướng dẫn)
Формат:
Язык:Vietnamese
Опубликовано: Đà Nẵng Đại học Sư phạm, Đại học Đà Nẵng 2013
Предметы:
Метки: Добавить метку
Нет меток, Требуется 1-ая метка записи!
Thư viện lưu trữ: Mạng thư viện Đại học Đà Nẵng
LEADER 01934nam a2200385 4500
001 000018503
003 14935
005 20131115141127.0
008 131114s2013 viesd
041 |a vie 
082 1 4 |a 631.53  |b ĐĂ-T 
100 1 |a Đặng Thị Thoa 
245 1 |a Nghiên cứu nhân giống in vitro cây mật nhân (Eurycoma longifolia Jack)  |c Đặng Thị Thoa ; Võ Châu Tuấn hướng dẫn  |k Khóa luận tốt nghiệp 
260 |a Đà Nẵng  |b Đại học Sư phạm, Đại học Đà Nẵng  |c 2013 
300 |a 43 tr.  |b mh.  |c 29 cm.  |e Bản tóm tắt 
500 |a Khóa luận tốt nghiệp đại học. Chuyên ngành: Cử nhân Sinh - Môi trường 
504 |a Mục lục đầu trang, tài liệu tham khảo tr. 73 - 74, phụ lục [13 tr.] 
520 |a Nghiên cứu tạo nguyên liệu cây mật nhân in vitro từ hạt. Nghiên cứu ảnh hưởng của chất ĐHST đến khả năng nhân nhanh chồi in vitro từ các nguyên liệu khác nhau. Nghiên cứu ảnh hưởng của chất ĐHST đến khả năng tạo rễ in vitro - hình thành cây hoàn chỉnh. 
600 1 4 |b Vua  |c Đinh Tiên Hoàng 
650 0 4 |a Cây mật nhân  |v Khóa luận tốt nghiệp  |x Nhân giống in vitro 
653 |a Cây mật nhân 
653 |a Nhân giống in vitro 
653 |a Eurycoma longifolia Jack 
653 |a Khoa Sinh môi trường 
700 1 |a Võ Châu Tuấn  |e Hướng dẫn 
OWN |a LSP 
AVA |a UDN50  |b LSP  |d 631.53 ĐĂ-T  |e available  |t Error 5001 Not defined in file expand_doc_bib_avail.  |f 1  |g 0  |h N  |i 0  |k 1 
999 |a From the UDN01 
AVA |a UDN50  |b LSP  |d 631.53 ĐĂ-T  |e available  |t Error 5001 Not defined in file expand_doc_bib_avail.  |f 1  |g 0  |h N  |i 0  |k 1 
TYP |a Monograph 
TYP |a Printed language 
980 |a Mạng thư viện Đại học Đà Nẵng